000 01776nam0a22003131 4500
001 v19\rc\1348361
005 20260407101042.0
035 _a(NLR Aleph) 005205604
090 _a5354847
_c5354847
100 _a20060512e18621862|||y0rusy50 ca
101 0 _arus
102 _aRU
105 _ay z |||h|
200 1 _aОтрывки речи на открытие академического курса морских наук, произнесенной Степаном Онисимовичем Бурачком
_aРечь, с которой С.О. Бурачок за обедом обратился к г. управляющему Морским министерством
210 _a[Кронштадт
_d1862?]
215 _a16, 3 с.
_d23
311 _aОтт. из "Кронштадт. вестн.", № 96. Прил., 1862 г., с. 12-28, 34-36
488 0 _12001#$aКронштадтский вестник$v1862, № 96. Прил.
_1215##$aС. 12-28, 34-36
_tКронштадтский вестник
532 1 0 _aРечь, с которой Степан Онисимович Бурачок за обедом обратился к г. управляющему Морским министерством
700 1 _8rus
_7ca
_aБурачек
_bС. О.
_f1800-1876
_gСтепан Онисимович
_3RU\NLR\AUTH\7756164
_939096
712 0 1 _aРоссия
_bГидрографический департамент
_3RU\NLR\AUTH\889928040
_9351709
790 1 _aБурачок
_bС.А.
_f1800-1876/77
_gСтепан Анисимович
801 0 _aRU
_bNLR
_c20060512
_gpsbo
801 0 _aRU
_bRuMoRGB
_c20060512
_2psbo
801 1 _aRU
_bProSoft-M
_c20060512
_2rusmarc
801 2 _aRU
_bNLR
_c20070924
_2rusmarc
852 _aNLR
_j18.91.4.511
942 _cBOOK
980 _aNB